| 000 | 00501nam a22001697a 4500 | ||
|---|---|---|---|
| 999 |
_c8524 _d8524 |
||
| 008 | 201201b ||||| |||| 00| 0 eng d | ||
| 040 | _aBMS College of Architecture | ||
| 100 | _aKrishna, Gopi | ||
| 245 | _aCollege of Agriculture | ||
| 300 | _aNA | ||
| 500 | _a1BM13AT020 | ||
| 502 |
_8B,Arch _NBMS College of Architecture, Visvesvaraya Technological University (VTU) _aProject report _d2017 |
||
| 650 | _aNA | ||
| 700 |
_aJoseph _eGuide |
||
| 700 |
_aDakshayini R Patil _eGuide |
||
| 942 |
_2ddc _cTHE |
||